Busiest airports in the UK - Statistics

General Stats
  • This quiz has been taken 158 times
  • The average score is 27 of 40
Answer Stats
Country Airport % Correct
England London City
98%
England London Gatwick
98%
England London Heathrow
98%
England London Luton
98%
England London Southend
98%
England London Stansted
98%
Scotland Glasgow
96%
Scotland Glasgow Prestwick
96%
Isle of Man Isle of Man
96%
Northern Ireland Belfast International
95%
Scotland Edinburgh
95%
Northern Ireland George Best Belfast City
95%
England Manchester
93%
England Birmingham
91%
England Liverpool John Lenon
91%
Wales Cardiff
87%
England Bristol
86%
Scotland Aberdeen
84%
England Newcastle
84%
Jersey Jersey
78%
Guernsey Guernsey
76%
Scotland Inverness
74%
England Southampton
72%
England Doncaster Sheffield Robin Hood
66%
England Norwich
65%
England East Midlands
62%
England Exeter
58%
Northern Ireland City of Derry
53%
England Bournemouth
52%
England Leeds Bradford
49%
England Newquay
38%
England Teesside
24%
Scotland Kirkwall
23%
Guernsey Alderney
22%
England Humberside
22%
Scotland Stornoway
22%
Scotland Sumburgh
15%
England Lands End
12%
England St Marys
6%
Scotland Scatsta
4%
No matching quizzes found
Score Distribution
Percent of People with Each Score
Percentile by Number Answered
Your Score History
You have not taken this quiz